Statistics for usicals missing vowels

Click here to take the quiz!

General Stats

  • This quiz has been taken 20 times
  • The average score is 10 of 15

Answer Stats

ClueAnswer% Correct
WckdWicked
100%
ChcgChicago
88%
CtsCats
82%
JrsybysJersey boys
82%
CbrtCabaret
76%
JsschrstsprstrJesus Christ superstar
76%
StrlghtxprssStarlight express
76%
BtyndthbstBeauty and the beast
71%
HrHair
65%
MndmygrlMe and my girl
65%
ShwbtShowboat
65%
KnkybtsKinky boots
59%
LnkngLion king
47%
BkfmrmnBook of mormon
41%
VtEvita
41%

Score Distribution

Percentile by Number Answered

Percent of People with Each Score

Your Score History

You have not taken this quiz